<?xml version="1.0" encoding="UTF-8"?>
<marc:record xmlns:marc="http://www.loc.gov/MARC21/slim">
   <marc:leader>00000nam a2200000 a 4500</marc:leader>
   <marc:datafield ind1="1" ind2=" " tag="100">
      <marc:subfield code="a">Striebling, Mike</marc:subfield>
      <marc:subfield code="4">aut</marc:subfield>
      <marc:subfield code="e">Verfasser/-in</marc:subfield>
   </marc:datafield>
   <marc:datafield ind1="0" ind2="0" tag="245">
      <marc:subfield code="a">Tillie &amp; ihr Drache</marc:subfield>
   </marc:datafield>
   <marc:datafield ind1=" " ind2="1" tag="264">
      <marc:subfield code="b">TV-Loonland AG</marc:subfield>
      <marc:subfield code="c">2012</marc:subfield>
   </marc:datafield>
   <marc:datafield ind1="1" ind2=" " tag="520">
      <marc:subfield code="a">Tillie lebt mit ihrem Onkel, dem Baron Saint George, in einem halb verfallenen Schloss nahe der Stadt Schatzberg. Der Onkel, der meistens in seiner eignen Traumwelt lebt, in der er gefährliche Drachen verfolgt und bekämpft, erlaubt Tillie sich nur in unmittelbarer Nähe des Schlosses aufzuhalten. Dadurch fällt es ihr schwer echte Freunde zu finden. Doch eines Tages trifft sie bei einem Stadtbesuch auf den Drachen Hermann, der ihr ein wahrer Freund wird. Doch die Bewohner der Stadt sind wegen des Drachens in heller Aufruhr und ihr Onkel sieht endlich seine Chance sich als Drachenjäger zu behaupten! Wird Ihre Freundschaft diese Ereignisse überstehen? </marc:subfield>
   </marc:datafield>
   <marc:datafield ind1="3" ind2=" " tag="024">
      <marc:subfield code="a">4029759073567</marc:subfield>
   </marc:datafield>
</marc:record>
